The history of the Arabian Horse Club Registry of America, inc., 1908-1950. (Record no. 11256)

MARC details
000 -LEADER
fixed length control field 00692cam a22002291 4500
001 - CONTROL NUMBER
control field agr51000014
003 - CONTROL NUMBER IDENTIFIER
control field DLC
005 - DATE AND TIME OF LATEST TRANSACTION
control field 20260227111014.0
008 - FIXED-LENGTH DATA ELEMENTS--GENERAL INFORMATION
fixed length control field 780921s1950 iluac 000 0 eng
010 ## - LIBRARY OF CONGRESS CONTROL NUMBER
LC control number agr51000014
035 ## - SYSTEM CONTROL NUMBER
System control number (OCoLC)4241671
040 ## - CATALOGING SOURCE
Original cataloging agency DLC
Transcribing agency CoFS
Modifying agency DLC
042 ## - AUTHENTICATION CODE
Authentication code premarc
050 00 - LIBRARY OF CONGRESS CALL NUMBER
Classification number SF293.A8
Item number H37
082 ## - DEWEY DECIMAL CLASSIFICATION NUMBER
Classification number 636.11
100 1# - MAIN ENTRY--PERSONAL NAME
Personal name Harris, Albert Wadsworth,
Dates associated with a name 1867-
245 14 - TITLE STATEMENT
Title The history of the Arabian Horse Club Registry of America, inc., 1908-1950.
260 ## - PUBLICATION, DISTRIBUTION, ETC.
Place of publication, distribution, etc. Chicago,
Name of publisher, distributor, etc. Arabian Horse Club Registry of America
Date of publication, distribution, etc. [1950]
300 ## - PHYSICAL DESCRIPTION
Extent 64 p.
Other physical details illus., port.
Dimensions 21 cm.
610 20 - SUBJECT ADDED ENTRY--CORPORATE NAME
Corporate name or jurisdiction name as entry element Arabian Horse Club Registry of America.
650 #0 - SUBJECT ADDED ENTRY--TOPICAL TERM
Topical term or geographic name entry element Arabian horse.

No items available.

Powered by Koha